All Adele Songs Over 1 Billion Streams - Statistics

General Stats
  • This quiz has been taken 43 times
    40 since last reset
  • The average score is 7 of 10
Answer Stats
Hint Song % Correct
1.70 Hello
100%
2.15 Rolling in the Deep
89%
2.18 Easy On Me
79%
2.02 Set Fire to the Rain
79%
2.32 Someone Like You
79%
1.06 Skyfall
64%
1.20 Send My Love
57%
1.49 When We Were Young
54%
1.01 Love In The Dark
32%
1.27 Make You Feel My Love
25%
No matching quizzes found
Score Distribution
Percent of People with Each Score
Percentile by Number Answered
Your Score History
You have not taken this quiz since the last reset